Problem book in the theory of functions
Enregistré dans:
| Auteur principal: | |
|---|---|
| Format: | Livre |
| Langue: | anglais |
| Publié: |
Nueva York
Dover Publications
1948
|
| Sujets: | |
| Tags: |
Ajouter un tag
Pas de tags, Soyez le premier à ajouter un tag!
|
MARC
| LEADER | 00000cam a2200000 a 4500 | ||
|---|---|---|---|
| 001 | UCF2447 | ||
| 003 | CL-VaPUC | ||
| 008 | 120824e19480000US |||||||||||||||||eng|d | ||
| 082 | 0 | 4 | |a 514 |b KNO |2 21 |
| 100 | |a Knopp, Konrad |e author |9 564114 | ||
| 245 | 1 | 0 | |a Problem book in the theory of functions |
| 300 | |a v | ||
| 942 | |c BK | ||
| 945 | |d 20120824 00:00:00 |a dcastane | ||
| 260 | |a Nueva York |b Dover Publications |c 1948 | ||
| 500 | |a v.1: Problems in elementary theory of functions | ||
| 500 | |a v.2: Problems in the advanced theory of functions | ||
| 650 | 0 | |a Funciones |9 263869 | |
| 650 | 0 | |a Cálculo integral |9 260103 | |
| 650 | 0 | |a Matemática |9 260235 | |
| 650 | 0 | |a Logaritmos |9 260266 | |
| 650 | 0 | |a Álgebra |9 259567 | |
| 650 | 7 | |a RAICES DE ECUACIONES |2 CL-VaPUC |9 354277 | |
| 583 | |a last modification |c 20120824 12:41:00 |k Rodrigo Vera | ||
| 999 | |c 349010 |d 349008 | ||
| 952 | |0 0 |1 0 |4 0 |6 514_000000000000000_KNO_1948 |7 0 |8 A |9 451383 |a BIBMAT |b BIBMAT |d 2019-11-22 |h v.1 |i 4888685 |o 514 KNO 1948 |p 4888685 |r 2025-01-07 |w 2019-11-22 |y BK |k MAT | ||
| 952 | |0 0 |1 0 |4 0 |6 514_000000000000000_KNO_1948 |7 0 |8 A |9 451384 |a BIBMAT |b BIBMAT |d 2019-11-22 |h v.2 |i 4888693 |o 514 KNO 1948 |p 4888693 |r 2025-01-07 |w 2019-11-22 |y BK |k MAT | ||
| 952 | |0 0 |1 0 |3 erb |4 0 |6 514_000000000000000_KNO_1948 |7 0 |8 A |9 451385 |a BIBMAT |b BIBMAT |h v.1 |i 5366968 |o 514 KNO 1948 |p 5366968 |r 2025-01-07 |w 2019-11-22 |y BK |z Catalogado en:20170317 |k MAT | ||
| 952 | |0 0 |1 0 |3 erb |4 0 |6 514_000000000000000_KNO_1948 |7 0 |8 A |9 451386 |a BIBMAT |b BIBMAT |h v.2 |i 536695K |o 514 KNO 1948 |p 536695K |r 2025-01-07 |w 2019-11-22 |y BK |z Catalogado en:20170317 |k MAT | ||